Indian rubber industry is poised for spectacular growth (Record no. 61090)

MARC details
000 -LEADER
fixed length control field 00328nam a2200121Ia 4500
245 #0 - TITLE STATEMENT
Title Indian rubber industry is poised for spectacular growth
260 ## - PUBLICATION, DISTRIBUTION, ETC. (IMPRINT)
Name of publisher Rubber Asia 20th Anniversary Issue
300 ## - PHYSICAL DESCRIPTION
Number of Pages 161-165
650 ## - SUBJECT ADDED ENTRY--TOPICAL TERM
Topical Term India
650 ## - SUBJECT ADDED ENTRY--TOPICAL TERM
Topical Term Rubber industry
942 ## - ADDED ENTRY ELEMENTS (KOHA)
Koha item type Journals
Holdings
Withdrawn status Lost status Damaged status Not for loan Home library Current library Shelving location Date acquired Koha item type
      Journals RRII Library RRII Library Rubber general 01/01/2021 Journals